[Event "MPJBiS 2020"]
[Site "?"]
[Date "2020.08.28"]
[Round "3.11"]
[White "Trusewicz, Jakub"]
[Black "Zieba, Hubert"]
[Result "0-1"]
[BlackElo "1448"]
[WhiteElo "1168"]
[LiveChessVersion "1.4.8"]

1. e4 {[%clk 0:15:19]} c5 {[%clk 0:15:19]} 2. c3 {[%clk 0:15:28]} g6
{[%clk 0:15:22]} 3. d4 {[%clk 0:15:36]} cxd4 {[%clk 0:15:29]} 4. cxd4
{[%clk 0:15:44]} d6 {[%clk 0:15:37]} 5. Nf3 {[%clk 0:15:50]} Bg7 {[%clk 0:15:44]}
6. Bc4 {[%clk 0:15:58]} Nf6 {[%clk 0:15:50]} 7. O-O {[%clk 0:16:04]} Nxe4
{[%clk 0:15:54]} 8. Qe2 {[%clk 0:15:54]} Nf6 {[%clk 0:16:01]} 9. Nc3
{[%clk 0:15:46]} O-O {[%clk 0:16:04]} 10. Bg5 {[%clk 0:15:43]} Nbd7
{[%clk 0:16:07]} 11. Rad1 {[%clk 0:15:46]} b6 {[%clk 0:16:08]} 12. d5
{[%clk 0:15:39]} Bb7 {[%clk 0:16:06]} 13. Nd4 {[%clk 0:15:10]} Rc8
{[%clk 0:15:44]} 14. Bb3 {[%clk 0:14:54]} Nc5 {[%clk 0:15:33]} 15. Bc2
{[%clk 0:14:50]} Re8 {[%clk 0:15:22]} 16. b4 {[%clk 0:14:19]} Na6
{[%clk 0:14:59]} 17. Ba4 {[%clk 0:14:14]} Rxc3 {[%clk 0:14:12]} 18. Bxe8
{[%clk 0:14:04]} Qxe8 {[%clk 0:14:19]} 19. Nc6 {[%clk 0:13:58]} Bxc6
{[%clk 0:12:36]} 20. dxc6 {[%clk 0:14:04]} Nxb4 {[%clk 0:12:37]} 21. Qd2
{[%clk 0:13:56]} Qxc6 {[%clk 0:12:25]} 22. Rc1 {[%clk 0:13:46]} Ne4
{[%clk 0:11:52]} 23. Qf4 {[%clk 0:13:15]} Nxg5 {[%clk 0:10:07]} 24. Qxg5
{[%clk 0:13:14]} Rxc1 {[%clk 0:09:41]} 25. Rxc1 {[%clk 0:13:20]} Qd7
{[%clk 0:09:46]} 26. Qd2 {[%clk 0:13:19]} Na6 {[%clk 0:09:41]} 27. Qd3
{[%clk 0:13:14]} Nc5 {[%clk 0:09:49]} 28. Qf3 {[%clk 0:13:17]} Bf6
{[%clk 0:09:53]} 0-1

[Event "MPJBiS 2020"]
[Site "?"]
[Date "2020.08.28"]
[Round "4.1"]
[White "Seemann, Jakub"]
[Black "Duda, Leon"]
[Result "1-0"]
[BlackElo "1280"]
[WhiteElo "1687"]
[LiveChessVersion "1.4.8"]

1. d4 c5 2. d5 e5 3. c4 d6 4. Nc3 Ne7 5. e4 Ng6 6. Bd3 Be7 7. Nge2 Bg5 8. O-O
Bxc1 9. Rxc1 O-O 10. a3 f5 11. exf5 Bxf5 12. Bxf5 Rxf5 13. Ng3 Rf7 14. Nce4 Qe7
15. b4 b6 16. bxc5 bxc5 17. Rb1 Nh4 18. Rb3 Nf5 19. Nxf5 Rxf5 20. Qb1 Rf8 21. Rb7
Qd8 22. Re1 Nd7 23. Re3 Rb8 24. Nxd6 Nb6 25. Rh3 h6 26. Rxh6 1-0

[Event "MPJBiS 2020"]
[Site "?"]
[Date "2020.08.28"]
[Round "4.2"]
[White "Zieba, Hubert"]
[Black "Grot, Blazej"]
[Result "1/2-1/2"]
[BlackElo "1601"]
[WhiteElo "1448"]
[LiveChessVersion "1.4.8"]

1. c4 {[%clk 0:15:19]} c6 {[%clk 0:15:17]} 2. Nf3 {[%clk 0:15:24]} d5
{[%clk 0:15:19]} 3. b3 {[%clk 0:15:29]} Nf6 {[%clk 0:15:27]} 4. g3
{[%clk 0:15:35]} e6 {[%clk 0:15:36]} 5. Bg2 {[%clk 0:15:41]} Nbd7
{[%clk 0:15:44]} 6. O-O {[%clk 0:15:45]} Bd6 {[%clk 0:15:52]} 7. Bb2
{[%clk 0:15:45]} O-O {[%clk 0:15:59]} 8. d3 {[%clk 0:15:51]} b6 {[%clk 0:16:04]}
9. Nbd2 {[%clk 0:15:48]} Bb7 {[%clk 0:16:13]} 10. e4 {[%clk 0:15:51]} dxe4
{[%clk 0:16:08]} 11. Nxe4 {[%clk 0:15:50]} Nxe4 {[%clk 0:15:57]} 12. dxe4
{[%clk 0:15:58]} Qe7 {[%clk 0:16:05]} 13. Qc2 {[%clk 0:15:46]} c5
{[%clk 0:15:14]} 14. Rad1 {[%clk 0:15:44]} Rfd8 {[%clk 0:15:13]} 15. Rfe1
{[%clk 0:15:05]} Nf8 {[%clk 0:15:01]} 16. e5 {[%clk 0:14:22]} Bc7
{[%clk 0:14:57]} 17. Nd2 {[%clk 0:14:23]} Bxg2 {[%clk 0:14:55]} 18. Kxg2
{[%clk 0:14:30]} Rd7 {[%clk 0:15:00]} 19. f4 {[%clk 0:14:19]} Rad8
{[%clk 0:14:54]} 20. Ne4 {[%clk 0:13:54]} Ng6 {[%clk 0:14:32]} 21. Rxd7
{[%clk 0:13:16]} Qxd7 {[%clk 0:14:31]} 22. Re2 {[%clk 0:13:14]} Qc6
{[%clk 0:14:37]} 23. Kf2 {[%clk 0:13:10]} Ne7 {[%clk 0:14:38]} 24. Ng5
{[%clk 0:12:00]} Ng6 {[%clk 0:13:46]} 25. Rd2 {[%clk 0:10:53]} Rxd2+
{[%clk 0:13:34]} 26. Qxd2 {[%clk 0:11:00]} h6 {[%clk 0:13:42]} 27. Nf3
{[%clk 0:10:58]} Nf8 {[%clk 0:13:28]} 28. Qd3 {[%clk 0:10:43]} a6
{[%clk 0:13:21]} 29. a4 {[%clk 0:10:19]} Ng6 {[%clk 0:11:56]} 30. Nd2
{[%clk 0:09:07]} Qh1 {[%clk 0:10:36]} 31. Nf3 {[%clk 0:08:59]} Nf8
{[%clk 0:10:43]} 32. Qf1 {[%clk 0:07:34]} Qxf1+ {[%clk 0:10:39]} 1/2-1/2

[Event "MPJBiS 2020"]
[Site "?"]
[Date "2020.08.28"]
[Round "4.3"]
[White "Liskiewicz, Jakub"]
[Black "Bartodziej, Bartosz"]
[Result "1-0"]
[BlackElo "1563"]
[WhiteElo "1424"]
[LiveChessVersion "1.4.8"]

1. d4 {[%clk 0:15:18]} Nf6 {[%clk 0:15:18]} 2. c4 {[%clk 0:15:26]} g6
{[%clk 0:15:27]} 3. Nc3 {[%clk 0:15:35]} d5 {[%clk 0:15:34]} 4. cxd5
{[%clk 0:15:42]} Nxd5 {[%clk 0:15:43]} 5. Na4 {[%clk 0:15:51]} Bg7
{[%clk 0:15:49]} 6. e4 {[%clk 0:15:59]} Nb6 {[%clk 0:15:58]} 7. Be3
{[%clk 0:16:07]} O-O {[%clk 0:16:02]} 8. Nf3 {[%clk 0:16:14]} Nxa4
{[%clk 0:15:37]} 9. Qxa4 {[%clk 0:16:21]} c5 {[%clk 0:15:41]} 10. Rd1
{[%clk 0:15:37]} cxd4 {[%clk 0:15:34]} 11. Bxd4 {[%clk 0:15:44]} Bd7
{[%clk 0:15:06]} 12. Qb3 {[%clk 0:15:26]} Qc7 {[%clk 0:14:11]} 13. Bc4
{[%clk 0:14:58]} Nc6 {[%clk 0:13:59]} 14. Bxg7 {[%clk 0:14:57]} Kxg7
{[%clk 0:14:07]} 15. O-O {[%clk 0:14:44]} Bg4 {[%clk 0:12:52]} 16. Qc3+
{[%clk 0:13:48]} Kg8 {[%clk 0:12:57]} 17. Bb3 {[%clk 0:12:59]} Rac8
{[%clk 0:11:32]} 18. h3 {[%clk 0:12:38]} Bxf3 {[%clk 0:11:35]} 19. Qxf3
{[%clk 0:12:44]} a6 {[%clk 0:10:53]} 20. Rd5 {[%clk 0:11:47]} e6 {[%clk 0:10:32]}
21. Rd2 {[%clk 0:11:23]} Na5 {[%clk 0:10:33]} 22. Rfd1 {[%clk 0:10:47]} Rfd8
{[%clk 0:09:58]} 23. Rc2 {[%clk 0:07:03]} Qe7 {[%clk 0:08:47]} 24. Rxc8
{[%clk 0:06:51]} Rxc8 {[%clk 0:08:53]} 25. e5 {[%clk 0:04:50]} Nc6
{[%clk 0:07:40]} 26. Qe3 {[%clk 0:03:39]} Qc7 {[%clk 0:07:31]} 27. Rd6
{[%clk 0:03:15]} Rd8 {[%clk 0:06:39]} 28. Qd2 {[%clk 0:03:12]} Rxd6
{[%clk 0:06:26]} 29. exd6 {[%clk 0:03:15]} Qd7 {[%clk 0:06:34]} 30. Ba4
{[%clk 0:02:51]} b5 {[%clk 0:06:29]} 31. Bd1 {[%clk 0:02:57]} Nd8
{[%clk 0:04:43]} 32. Bf3 {[%clk 0:02:50]} f5 {[%clk 0:03:49]} 33. Qd4
{[%clk 0:02:04]} Nf7 {[%clk 0:03:32]} 34. Kf1 {[%clk 0:01:40]} Qxd6
{[%clk 0:03:31]} 35. Qxd6 {[%clk 0:01:38]} Nxd6 {[%clk 0:03:40]} 36. Ke2
{[%clk 0:01:46]} Kf7 {[%clk 0:03:26]} 37. Kd3 {[%clk 0:01:51]} Nc4
{[%clk 0:03:20]} 38. Kc3 {[%clk 0:01:58]} Ke7 {[%clk 0:02:57]} 39. Bb7
{[%clk 0:02:02]} Nd6 {[%clk 0:02:35]} 40. Bxa6 {[%clk 0:01:58]} Ne4+
{[%clk 0:01:34]} 41. Kd4 {[%clk 0:02:00]} Nxf2 {[%clk 0:01:34]} 42. Bxb5
{[%clk 0:01:59]} Kd6 {[%clk 0:01:40]} 43. a4 {[%clk 0:01:59]} e5+
{[%clk 0:01:47]} 44. Ke3 {[%clk 0:02:05]} Ne4 {[%clk 0:01:37]} 45. Bd3
{[%clk 0:01:50]} Nc5 {[%clk 0:01:32]} 46. Bc2 {[%clk 0:01:55]} Na6
{[%clk 0:01:14]} 47. Bb3 {[%clk 0:01:54]} h6 {[%clk 0:00:59]} 48. Bf7
{[%clk 0:01:22]} g5 {[%clk 0:01:07]} 49. Bg6 {[%clk 0:01:29]} f4+
{[%clk 0:01:16]} 50. Kf3 {[%clk 0:01:23]} Kd5 {[%clk 0:00:51]} 51. a5
{[%clk 0:01:21]} Nc5 {[%clk 0:00:29]} 52. b4 {[%clk 0:01:22]} e4+
{[%clk 0:00:28]} 53. Ke2 {[%clk 0:01:27]} Nb3 {[%clk 0:00:13]} 54. Bf7+
{[%clk 0:01:35]} Nc5 1-0

[Event "MPJBiS 2020"]
[Site "?"]
[Date "2020.08.28"]
[Round "4.4"]
[White "Raczek, Krzysztof"]
[Black "Ugorek, Kacper"]
[Result "1-0"]
[BlackElo "1266"]
[WhiteElo "1559"]
[LiveChessVersion "1.4.8"]

1. d4 {[%clk 0:15:18]} d5 {[%clk 0:15:19]} 2. Bf4 {[%clk 0:15:23]} e6
{[%clk 0:15:18]} 3. e3 {[%clk 0:15:24]} Bd6 {[%clk 0:15:23]} 4. Bg3
{[%clk 0:15:32]} Nf6 {[%clk 0:15:25]} 5. Bd3 {[%clk 0:15:40]} O-O
{[%clk 0:14:38]} 6. Nf3 {[%clk 0:15:45]} c5 {[%clk 0:14:33]} 7. c3
{[%clk 0:15:51]} Nc6 {[%clk 0:14:39]} 8. Nbd2 {[%clk 0:15:51]} c4
{[%clk 0:14:46]} 9. Bc2 {[%clk 0:15:51]} b5 {[%clk 0:14:49]} 10. e4
{[%clk 0:15:54]} Be7 {[%clk 0:14:11]} 11. e5 {[%clk 0:15:50]} Ne8
{[%clk 0:14:09]} 12. h4 {[%clk 0:15:58]} b4 {[%clk 0:14:11]} 13. Bxh7+
{[%clk 0:15:37]} Kxh7 {[%clk 0:11:59]} 14. Ng5+ {[%clk 0:15:46]} Kg8
{[%clk 0:11:07]} 15. Qh5 {[%clk 0:15:52]} Bxg5 {[%clk 0:11:13]} 16. hxg5
{[%clk 0:15:59]} f6 {[%clk 0:10:01]} 17. g6 {[%clk 0:16:07]} bxc3
{[%clk 0:09:35]} 18. Qh7# {[%clk 0:16:16]} 1-0

[Event "MPJBiS 2020"]
[Site "?"]
[Date "2020.08.28"]
[Round "4.5"]
[White "Krawczyk, Flawian"]
[Black "Derejczyk, Mateusz"]
[Result "1-0"]
[BlackElo "1452"]
[WhiteElo "1728"]
[LiveChessVersion "1.4.8"]

1. e4 c5 2. Nf3 Nc6 3. Bb5 g6 4. O-O Bg7 5. Re1 e5 6. c3 a6 7. Bxc6 dxc6 8. h3
Qc7 9. d4 cxd4 10. cxd4 exd4 11. Nxd4 Nf6 12. Nc3 O-O 13. e5 Nd5 14. Nxd5 cxd5
15. f4 Be6 16. g4 Qb6 17. Be3 Bd7 18. Bf2 Rfe8 19. Nf5 Qc7 20. Rc1 Bc6 21. Nxg7
Kxg7 22. Bd4 Kg8 23. f5 f6 24. fxg6 hxg6 25. Qd3 f5 26. gxf5 gxf5 27. Qxf5 Re7
28. e6 Qg3+ 29. Kh1 Rf8 30. Rg1 Rxf5 31. Rxg3+ Kh7 32. Re1 Rf4 33. Rg4 Rxg4 34.
hxg4 Kg6 35. Re5 Rh7+ 36. Kg2 Rh4 37. Kg3 Rh1 38. a3 Rd1 39. Bc5 d4 40. e7 Be8
41. Rd5 Rg1+ 42. Kf4 Rf1+ 43. Ke5 Kf7 44. Rxd4 Rf6 45. g5 Re6+ 46. Kf4 Rc6 47.
Bb4 b6 48. a4 a5 49. Ba3 Rg6 50. Kf5 Re6 51. Rd8 Bxa4 52. b3 Bc6 53. Rf8+ Kg7 54.
Bb2+ Kh7 55. Rh8# 1-0

[Event "MPJBiS 2020"]
[Site "?"]
[Date "2020.08.28"]
[Round "4.6"]
[White "Zielonka, Adam"]
[Black "Merecki, Antoni"]
[Result "0-1"]
[BlackElo "1425"]
[WhiteElo "1609"]
[LiveChessVersion "1.4.8"]

1. Nf3 {[%clk 0:15:18]} d5 {[%clk 0:15:13]} 2. c4 {[%clk 0:15:22]} e6
{[%clk 0:15:05]} 3. g3 {[%clk 0:15:23]} Nf6 {[%clk 0:15:00]} 4. Bg2
{[%clk 0:15:30]} Be7 {[%clk 0:14:41]} 5. O-O {[%clk 0:15:19]} O-O
{[%clk 0:14:46]} 6. d4 {[%clk 0:15:12]} b6 {[%clk 0:14:41]} 7. Nc3
{[%clk 0:15:02]} Bb7 {[%clk 0:14:48]} 8. Qb3 {[%clk 0:13:48]} dxc4
{[%clk 0:13:21]} 9. Qxc4 Nbd7 {[%clk 0:13:24]} 10. Rd1 {[%clk 0:13:52]} Rc8
{[%clk 0:11:40]} 11. Ne5 {[%clk 0:12:55]} Bxg2 {[%clk 0:09:45]} 12. Kxg2
{[%clk 0:12:52]} c5 {[%clk 0:09:38]} 13. Nxd7 {[%clk 0:12:34]} Qxd7
{[%clk 0:09:20]} 14. d5 {[%clk 0:11:58]} exd5 {[%clk 0:09:19]} 15. Nxd5
{[%clk 0:12:04]} Nxd5 {[%clk 0:09:10]} 16. Qxd5 {[%clk 0:11:51]} Qxd5+
{[%clk 0:09:07]} 17. Rxd5 {[%clk 0:12:00]} Rfd8 {[%clk 0:09:15]} 18. Rxd8+
{[%clk 0:11:41]} Rxd8 {[%clk 0:09:25]} 19. Be3 {[%clk 0:11:38]} Bf6
{[%clk 0:09:22]} 20. Rb1 {[%clk 0:11:37]} Kf8 {[%clk 0:08:45]} 21. b4
{[%clk 0:11:40]} c4 {[%clk 0:07:47]} 22. Rc1 {[%clk 0:11:08]} c3 {[%clk 0:06:47]}
23. Kf3 {[%clk 0:10:54]} Ke7 {[%clk 0:06:54]} 24. Ke4 {[%clk 0:10:38]} Ke6
{[%clk 0:06:03]} 25. f4 {[%clk 0:09:52]} g6 {[%clk 0:06:03]} 26. g4
{[%clk 0:07:45]} Rd5 {[%clk 0:05:36]} 27. Rf1 {[%clk 0:06:57]} Kd6
{[%clk 0:05:20]} 28. f5 {[%clk 0:06:15]} gxf5+ {[%clk 0:05:23]} 29. gxf5
{[%clk 0:05:52]} Kc6 {[%clk 0:05:02]} 30. a4 {[%clk 0:04:20]} Rd8
{[%clk 0:04:37]} 31. b5+ {[%clk 0:04:08]} Kb7 {[%clk 0:04:02]} 32. h4
{[%clk 0:02:46]} Rg8 {[%clk 0:03:22]} 33. Bd4 {[%clk 0:02:15]} Rg4+
{[%clk 0:03:29]} 0-1

[Event "MPJBiS 2020"]
[Site "?"]
[Date "2020.08.28"]
[Round "4.7"]
[White "Sniadecki, Oskar"]
[Black "Dobosiewicz, Dawid"]
[Result "1/2-1/2"]
[BlackElo "1405"]
[WhiteElo "1569"]
[LiveChessVersion "1.4.8"]

1. d4 Nf6 2. Bg5 Ne4 3. Bf4 d5 4. h3 c6 5. Nd2 Bf5 6. Ngf3 h6 7. e3 Qb6 8. Rb1 e6
9. Nxe4 Bxe4 10. Bd3 Bxd3 11. Qxd3 Qa5+ 12. c3 Nd7 13. O-O Be7 14. Ra1 O-O 15. a4
c5 16. Qd2 Qa6 17. b4 cxb4 18. cxb4 Rac8 19. b5 Qb6 20. Rfc1 Nf6 21. Ne5 Bd6 22.
Qd3 Bxe5 23. Bxe5 Ne4 24. f3 Nd6 25. Bxd6 Qxd6 26. a5 Rc7 27. Rc2 Rfc8 28. Rac1
Kf8 29. Qh7 Rc4 30. Qh8+ Ke7 31. Qxc8 Rxc8 32. Rxc8 Qa3 33. R1c7+ Kf6 34. Rxb7
Qxe3+ 35. Kh1 Qxd4 36. Rcc7 Qa1+ 37. Kh2 Qe5+ 1/2-1/2

[Event "MPJBiS 2020"]
[Site "?"]
[Date "2020.08.28"]
[Round "4.8"]
[White "Borowik, Wojciech"]
[Black "Przybylski, Jan"]
[Result "1-0"]
[BlackElo "1369"]
[WhiteElo "1528"]
[LiveChessVersion "1.4.8"]

1. d4 {[%clk 0:15:16]} d5 {[%clk 0:15:18]} 2. c4 {[%clk 0:15:23]} e6
{[%clk 0:15:25]} 3. Nc3 {[%clk 0:15:28]} Nf6 {[%clk 0:15:33]} 4. Bg5
{[%clk 0:15:36]} Be7 {[%clk 0:15:40]} 5. e3 {[%clk 0:15:43]} Nbd7
{[%clk 0:15:47]} 6. Nf3 {[%clk 0:15:44]} h6 {[%clk 0:15:46]} 7. Bh4
{[%clk 0:15:48]} b6 {[%clk 0:15:42]} 8. cxd5 {[%clk 0:15:45]} exd5
{[%clk 0:15:49]} 9. Bb5 {[%clk 0:15:20]} Bb7 {[%clk 0:15:28]} 10. Ne5
{[%clk 0:14:51]} Qc8 {[%clk 0:13:52]} 11. Bxf6 {[%clk 0:14:48]} c6
{[%clk 0:13:52]} 12. Bxe7 {[%clk 0:14:38]} Kxe7 {[%clk 0:13:56]} 13. Nxd7
{[%clk 0:14:35]} Qxd7 {[%clk 0:14:04]} 14. Be2 {[%clk 0:14:43]} Rhe8
{[%clk 0:14:04]} 15. O-O {[%clk 0:14:49]} Kf8 {[%clk 0:14:09]} 16. Bf3
{[%clk 0:14:36]} f5 {[%clk 0:13:35]} 17. Bh5 {[%clk 0:13:50]} Re6
{[%clk 0:13:31]} 18. Qd3 {[%clk 0:13:13]} g6 {[%clk 0:13:16]} 19. Be2
{[%clk 0:13:12]} Rf6 {[%clk 0:13:18]} 20. f3 {[%clk 0:12:27]} g5 {[%clk 0:13:08]}
21. e4 {[%clk 0:12:09]} dxe4 {[%clk 0:12:49]} 22. fxe4 {[%clk 0:12:16]} f4
{[%clk 0:12:54]} 23. e5 {[%clk 0:12:14]} Re6 {[%clk 0:12:28]} 24. Bg4
{[%clk 0:12:22]} Kg7 {[%clk 0:11:34]} 25. Bxe6 {[%clk 0:12:15]} Qxe6
{[%clk 0:11:42]} 26. Rae1 {[%clk 0:11:11]} Rd8 {[%clk 0:11:32]} 27. Ne4
{[%clk 0:09:22]} c5 {[%clk 0:11:08]} 28. Nd6 {[%clk 0:09:07]} Bc6
{[%clk 0:10:50]} 29. Qf5 {[%clk 0:07:40]} Rxd6 {[%clk 0:10:50]} 30. Qxe6
{[%clk 0:06:57]} Rxe6 {[%clk 0:10:57]} 31. dxc5 {[%clk 0:07:02]} bxc5
{[%clk 0:11:05]} 32. Rf2 {[%clk 0:06:41]} Bb5 {[%clk 0:09:11]} 33. b3
{[%clk 0:04:32]} c4 {[%clk 0:08:51]} 34. a4 {[%clk 0:04:33]} Ba6 {[%clk 0:08:52]}
35. b4 {[%clk 0:04:38]} Kg6 {[%clk 0:08:24]} 36. Rc2 {[%clk 0:04:20]} Kf5
{[%clk 0:08:11]} 37. b5 {[%clk 0:04:24]} Bb7 {[%clk 0:08:17]} 38. Rxc4
{[%clk 0:04:31]} a6 {[%clk 0:07:42]} 39. Rc7 {[%clk 0:04:13]} Bd5
{[%clk 0:07:24]} 40. Rf7+ {[%clk 0:03:04]} Kg6 {[%clk 0:07:23]} 41. Rf6+
{[%clk 0:02:53]} Rxf6 {[%clk 0:07:30]} 42. exf6 {[%clk 0:03:01]} axb5
{[%clk 0:07:37]} 43. axb5 {[%clk 0:03:08]} Kxf6 {[%clk 0:07:44]} 44. b6
{[%clk 0:03:16]} g4 {[%clk 0:07:30]} 45. Rd1 {[%clk 0:03:13]} Bb7
{[%clk 0:07:24]} 46. Rd7 {[%clk 0:03:21]} Ba6 {[%clk 0:07:27]} 47. b7
{[%clk 0:03:23]} Bxb7 {[%clk 0:07:36]} 48. Rxb7 {[%clk 0:03:31]} 1-0

[Event "MPJBiS 2020"]
[Site "?"]
[Date "2020.08.28"]
[Round "4.9"]
[White "Karp, Kacper"]
[Black "Komendecki, Antoni"]
[Result "0-1"]
[BlackElo "1528"]
[WhiteElo "1364"]
[LiveChessVersion "1.4.8"]

1. e4 {[%clk 0:15:17]} c5 {[%clk 0:15:18]} 2. Nf3 {[%clk 0:15:23]} g6
{[%clk 0:15:20]} 3. d4 {[%clk 0:15:23]} cxd4 {[%clk 0:15:27]} 4. Nxd4
{[%clk 0:15:31]} Bg7 {[%clk 0:15:21]} 5. c4 {[%clk 0:15:26]} Nc6 {[%clk 0:15:18]}
6. Be3 {[%clk 0:15:34]} Nf6 {[%clk 0:15:25]} 7. Nc3 {[%clk 0:15:43]} d6
{[%clk 0:15:25]} 8. Be2 {[%clk 0:15:47]} O-O {[%clk 0:15:22]} 9. O-O
{[%clk 0:15:49]} Nxd4 {[%clk 0:15:19]} 10. Bxd4 {[%clk 0:15:56]} Be6
{[%clk 0:15:07]} 11. b3 {[%clk 0:15:32]} Qa5 {[%clk 0:12:50]} 12. Qd2
{[%clk 0:14:57]} Rfc8 {[%clk 0:12:39]} 13. Rad1 {[%clk 0:14:09]} a6
{[%clk 0:11:30]} 14. Bxf6 {[%clk 0:11:47]} exf6 {[%clk 0:08:27]} 15. Nd5
{[%clk 0:11:11]} Qd8 {[%clk 0:06:25]} 16. Qb4 {[%clk 0:08:42]} b5
{[%clk 0:05:35]} 17. cxb5 {[%clk 0:08:15]} axb5 {[%clk 0:05:18]} 18. Bxb5
{[%clk 0:07:22]} Rxa2 {[%clk 0:04:31]} 19. Nc3 {[%clk 0:03:36]} Rc2
{[%clk 0:04:20]} 20. Ne2 {[%clk 0:01:01]} Rb8 {[%clk 0:01:21]} 21. Nd4
{[%clk 0:00:25]} Rc5 {[%clk 0:01:24]} 22. Qa4 {[%clk 0:00:24]} Ra8
{[%clk 0:01:06]} 23. Qb4 {[%clk 0:00:17]} Qb6 {[%clk 0:00:59]} 24. Qd2
{[%clk 0:00:15]} Rxb5 {[%clk 0:00:59]} 25. Nxb5 {[%clk 0:00:23]} Qxb5
{[%clk 0:01:08]} 26. Qxd6 {[%clk 0:00:21]} Qxb3 {[%clk 0:00:54]} 27. Rb1
{[%clk 0:00:15]} Qc4 {[%clk 0:00:45]} 28. f3 {[%clk 0:00:12]} Bf8
{[%clk 0:00:19]} 29. Qd2 {[%clk 0:00:13]} Rc8 {[%clk 0:00:18]} 30. Rfc1
{[%clk 0:00:13]} Qa6 {[%clk 0:00:25]} 31. Rd1 {[%clk 0:00:16]} Kg7
{[%clk 0:00:23]} 32. Kh1 {[%clk 0:00:14]} Qc6 {[%clk 0:00:19]} 33. Rdc1
{[%clk 0:00:14]} Qd6 {[%clk 0:00:21]} 34. Qxd6 {[%clk 0:00:13]} Bxd6
{[%clk 0:00:30]} 35. Rxc8 {[%clk 0:00:21]} Bxc8 {[%clk 0:00:39]} 36. Rb6
{[%clk 0:00:24]} Be5 {[%clk 0:00:27]} 37. g3 {[%clk 0:00:19]} g5 {[%clk 0:00:22]}
38. Kg2 {[%clk 0:00:21]} h5 {[%clk 0:00:18]} 39. Rb4 {[%clk 0:00:13]} f5
{[%clk 0:00:15]} 40. Rb5 {[%clk 0:00:14]} f6 {[%clk 0:00:16]} 41. exf5
{[%clk 0:00:14]} Bxf5 {[%clk 0:00:25]} 42. g4 {[%clk 0:00:13]} hxg4
{[%clk 0:00:28]} 43. fxg4 {[%clk 0:00:22]} Bxg4 {[%clk 0:00:31]} 44. h3
{[%clk 0:00:27]} Be6 {[%clk 0:00:36]} 45. Rb4 {[%clk 0:00:25]} Kg6
{[%clk 0:00:28]} 46. Ra4 {[%clk 0:00:24]} Kh5 {[%clk 0:00:25]} 47. Rb4
{[%clk 0:00:21]} Bf4 {[%clk 0:00:24]} 48. Rb6 {[%clk 0:00:24]} Bd5+
{[%clk 0:00:29]} 49. Kf1 {[%clk 0:00:23]} Be5 {[%clk 0:00:31]} 50. Rb4
{[%clk 0:00:24]} f5 {[%clk 0:00:31]} 51. Ra4 {[%clk 0:00:26]} Be4
{[%clk 0:00:37]} 52. Ra5 {[%clk 0:00:29]} Bf4 {[%clk 0:00:44]} 53. Ra7
{[%clk 0:00:26]} Kh4 {[%clk 0:00:45]} 54. Rh7+ {[%clk 0:00:31]} Kg3
{[%clk 0:00:54]} 55. Ke1 {[%clk 0:00:18]} Bg2 {[%clk 0:01:02]} 56. Ra7
{[%clk 0:00:12]} Bxh3 {[%clk 0:00:39]} 57. Ra3+ {[%clk 0:00:16]} Kg4
{[%clk 0:00:47]} 58. Kf2 {[%clk 0:00:20]} Be5 {[%clk 0:00:24]} 59. Ra5
{[%clk 0:00:14]} Bd4+ {[%clk 0:00:32]} 60. Ke2 {[%clk 0:00:19]} f4
{[%clk 0:00:40]} 61. Rb5 {[%clk 0:00:17]} f3+ {[%clk 0:00:46]} 62. Kd2
{[%clk 0:00:11]} f2 {[%clk 0:00:54]} 63. Rb4 {[%clk 0:00:13]} f1=Q
{[%clk 0:00:58]} 64. Rxd4+ {[%clk 0:00:21]} Qf4+ {[%clk 0:00:46]} 65. Ke2
{[%clk 0:00:22]} Qxd4 {[%clk 0:00:45]} 66. Ke1 {[%clk 0:00:31]} Qb2
{[%clk 0:00:45]} 67. Kd1 {[%clk 0:00:39]} Kf3 {[%clk 0:00:51]} 68. Ke1
{[%clk 0:00:47]} Qe2# {[%clk 0:00:59]} 0-1

[Event "MPJBiS 2020"]
[Site "?"]
[Date "2020.08.28"]
[Round "4.10"]
[White "Wierzbicki, Dawid"]
[Black "Bartnik, Michal"]
[Result "1-0"]
[BlackElo "1320"]
[WhiteElo "1507"]
[LiveChessVersion "1.4.8"]

1. e4 {[%clk 0:15:18]} c5 {[%clk 0:15:19]} 2. Nc3 {[%clk 0:15:24]} e6
{[%clk 0:15:20]} 3. g3 {[%clk 0:15:32]} Nf6 {[%clk 0:15:25]} 4. Bg2
{[%clk 0:15:39]} d5 {[%clk 0:15:28]} 5. exd5 {[%clk 0:15:47]} exd5
{[%clk 0:15:37]} 6. d3 {[%clk 0:15:50]} Be7 {[%clk 0:15:42]} 7. Nge2
{[%clk 0:15:57]} O-O {[%clk 0:15:47]} 8. O-O {[%clk 0:15:59]} Nc6
{[%clk 0:15:27]} 9. d4 {[%clk 0:15:33]} Be6 {[%clk 0:14:25]} 10. h3
{[%clk 0:15:19]} Qd7 {[%clk 0:14:28]} 11. Kh2 {[%clk 0:15:07]} Rac8
{[%clk 0:14:21]} 12. Be3 {[%clk 0:15:10]} c4 {[%clk 0:13:40]} 13. Nf4
{[%clk 0:15:05]} Bb4 {[%clk 0:12:54]} 14. Nce2 {[%clk 0:14:28]} Ne7
{[%clk 0:12:21]} 15. Nxe6 {[%clk 0:14:18]} fxe6 {[%clk 0:12:28]} 16. c3
{[%clk 0:14:27]} Bd6 {[%clk 0:12:24]} 17. f4 {[%clk 0:14:23]} Nf5
{[%clk 0:12:23]} 18. Bf2 {[%clk 0:14:06]} Qc7 {[%clk 0:11:31]} 19. Qd2
{[%clk 0:12:27]} Ne7 {[%clk 0:10:51]} 20. Rae1 {[%clk 0:11:47]} Ng6
{[%clk 0:10:21]} 21. Be3 {[%clk 0:11:35]} Nd7 {[%clk 0:09:46]} 22. f5
{[%clk 0:10:39]} exf5 {[%clk 0:07:43]} 23. Bxd5+ {[%clk 0:10:46]} Kh8
{[%clk 0:07:51]} 24. Be6 {[%clk 0:09:58]} Ne7 {[%clk 0:06:15]} 25. Qc2
{[%clk 0:09:16]} Rf6 {[%clk 0:04:24]} 26. d5 {[%clk 0:08:45]} h6 {[%clk 0:03:49]}
27. Bd4 {[%clk 0:06:36]} Rff8 {[%clk 0:02:51]} 28. Qd2 {[%clk 0:06:17]} Be5
{[%clk 0:02:09]} 29. Bxd7 {[%clk 0:06:10]} Bxg3+ {[%clk 0:01:43]} 30. Nxg3
{[%clk 0:06:06]} Qxd7 {[%clk 0:01:50]} 31. Qxh6+ {[%clk 0:06:09]} 1-0

[Event "MPJBiS 2020"]
[Site "?"]
[Date "2020.08.28"]
[Round "4.11"]
[White "Maj, Samuel"]
[Black "Warchol, Kamil"]
[Result "1/2-1/2"]
[BlackElo "1751"]
[WhiteElo "1347"]
[LiveChessVersion "1.4.8"]

1. d4 {[%clk 0:15:36]} d5 {[%clk 0:15:35]} 2. c4 {[%clk 0:15:36]} dxc4
{[%clk 0:15:35]} 3. e4 {[%clk 0:15:36]} c5 {[%clk 0:15:35]} 4. Nf3
{[%clk 0:15:01]} cxd4 {[%clk 0:15:43]} 5. Nxd4 {[%clk 0:14:27]} e6
{[%clk 0:14:02]} 6. Bxc4 {[%clk 0:13:58]} Nf6 {[%clk 0:13:41]} 7. Nc3
{[%clk 0:13:31]} Nc6 {[%clk 0:13:40]} 8. Be3 {[%clk 0:12:54]} Be7
{[%clk 0:12:29]} 9. Nxc6 {[%clk 0:12:26]} Qxd1+ {[%clk 0:12:21]} 10. Rxd1
{[%clk 0:12:34]} bxc6 {[%clk 0:12:30]} 11. O-O {[%clk 0:12:30]} O-O
{[%clk 0:12:34]} 12. Rd2 {[%clk 0:12:01]} e5 {[%clk 0:11:47]} 13. f3
{[%clk 0:11:53]} Nd7 {[%clk 0:09:31]} 14. Na4 {[%clk 0:09:54]} Re8
{[%clk 0:06:44]} 15. Rfd1 {[%clk 0:09:10]} Nf8 {[%clk 0:06:50]} 16. Nc5
{[%clk 0:08:38]} Bxc5 {[%clk 0:06:40]} 17. Bxc5 {[%clk 0:08:44]} Be6
{[%clk 0:06:49]} 18. Bxf8 {[%clk 0:06:49]} Bxc4 {[%clk 0:06:49]} 19. Bc5
{[%clk 0:06:54]} Bxa2 {[%clk 0:05:38]} 20. Ra1 {[%clk 0:06:53]} Be6
{[%clk 0:05:41]} 21. Rxa7 {[%clk 0:06:47]} Rxa7 {[%clk 0:05:29]} 22. Bxa7
{[%clk 0:06:54]} 1/2-1/2

[Event "MPJBiS 2020"]
[Site "?"]
[Date "2020.08.28"]
[Round "5.1"]
[White "Raczek, Krzysztof"]
[Black "Seemann, Jakub"]
[Result "1/2-1/2"]
[BlackElo "1687"]
[WhiteElo "1559"]
[LiveChessVersion "1.4.8"]

1. e4 e5 2. Nf3 Nc6 3. Bc4 Nf6 4. d3 Bc5 5. O-O d6 6. h3 h6 7. c3 a6 8. b4 Ba7 9.
Re1 g5 10. d4 Qe7 11. dxe5 dxe5 12. Ba3 b5 13. Bd5 Bb7 14. c4 O-O-O 15. Nc3 Nd4
16. Bxb7+ Kxb7 17. cxb5 Nxb5 18. Qb3 Rd3 19. Rac1 g4 20. hxg4 Nxg4 21. Re2 Rg8
22. Nd5 Rxf3 23. Qxf3 Qh4 24. Qh3 Qxh3 25. gxh3 Ne3+ 26. Kh1 Nxd5 27. exd5 Nxa3
28. Rxe5 Bxf2 29. Re7 Nb5 30. a4 Nd6 31. Rexc7+ Kb8 32. Rd7 Bg3 33. Rg1 Rg6 34.
Rxg3 Rxg3 35. Rxd6 Rxh3+ 36. Kg2 Rb3 37. Rxh6 Rxb4 38. Rxa6 Kb7 39. Rf6 Rxa4 40.
Rxf7+ Kb6 41. d6 Rd4 1/2-1/2